Online
Catalog

El control de los impuestos en los países en desarrollo de América / (Record no. 28163)

MARC details
000 -CABECERA
campo de control de longitud fija 01158nam a2200289 a 4500
001 - NÚMERO DE CONTROL
campo de control 000028671
003 - IDENTIFICADOR DEL NÚMERO DE CONTROL
campo de control DO-SdBNP
005 - FECHA Y HORA DE LA ÚLTIMA TRANSACCIÓN
campo de control 20251212084527.0
008 - DATOS DE LONGITUD FIJA--INFORMACIÓN GENERAL
campo de control de longitud fija 110411s1981 dr 000 0 spa d
040 ## - FUENTE DE LA CATALOGACIÓN
Centro catalogador/agencia de origen DO-SdBNP
Lengua de catalogación spa
Centro/agencia transcriptor BNPHU
082 #4 - NÚMERO DE LA CLASIFICACIÓN DECIMAL DEWEY
Número de clasificación 336.20131724
Número de documento/Ítem I29c
Número de edición 22
100 1# - ENTRADA PRINCIPAL--NOMBRE DE PERSONA
Nombre de persona Illanes, Luis
9 (RLIN) 55644
245 13 - MENCIÓN DE TÍTULO
Título El control de los impuestos en los países en desarrollo de América /
Mención de responsabilidad, etc. Luis Illanes, Leonel Díaz Mc Arthur.
260 ## - PUBLICACIÓN, DISTRIBUCIÓN, ETC.
Lugar de publicación, distribución, etc. Santo Domingo :
Nombre del editor, distribuidor, etc. INCAT,
Fecha de publicación, distribución, etc. 1981.
300 ## - DESCRIPCIÓN FÍSICA
Extensión 3 v. ;
Dimensiones 22 cm.
490 1# - MENCIÓN DE SERIE
Mención de serie Manuales de finanzas públicas
Designación de volumen o secuencia 11-13
500 ## - NOTA GENERAL
Nota general Material de apoyo para los programas desarrollados por el Instituto de Capacitación Triburaria.
590 ## - NOTA LOCAL (RLIN)
Nota local Inventariado, 2018/LP
650 #4 - PUNTO DE ACCESO ADICIONAL DE MATERIA--TÉRMINO DE MATERIA
Término de materia o nombre geográfico como elemento de entrada Impuestos
Subdivisión general Contabilidad
9 (RLIN) 55645
650 #0 - PUNTO DE ACCESO ADICIONAL DE MATERIA--TÉRMINO DE MATERIA
Término de materia o nombre geográfico como elemento de entrada Impuestos
Subdivisión geográfica Países en Desarrollo
9 (RLIN) 8380
650 #4 - PUNTO DE ACCESO ADICIONAL DE MATERIA--TÉRMINO DE MATERIA
Término de materia o nombre geográfico como elemento de entrada Impuestos
Subdivisión general Administración
9 (RLIN) 16071
700 1# - PUNTO DE ACCESO ADICIONAL--NOMBRE DE PERSONA
Nombre de persona Díaz Mc Arthur, Leonel
9 (RLIN) 55647
710 2# - PUNTO DE ACCESO ADICIONAL--NOMBRE DE ENTIDAD CORPORATIVA
Nombre de entidad corporativa o nombre de jurisdicción como elemento de entrada República Dominicana.
Unidad subordinada Secretaría de Estado de Finanzas. Instituto de Capacitación Tributaria.
9 (RLIN) 9333
830 #0 - PUNTO DE ACCESO ADICIONAL DE SERIE-TÍTULO UNIFORME
Título uniforme Manuales de finanzas públicas ;
Designación de volumen o secuencia 11-13
9 (RLIN) 8383
910 ## - DATOS DE OPCIÓN DEL USUARIO (OCLC)
Datos de opción del usuario Validado. Control de calidad EMS
942 ## - ELEMENTOS DE PUNTO DE ACCESO ADICIONAL (KOHA)
Fuente del sistema de clasificación o colocación Dewey Decimal Classification
Tipo de ítem Koha Libro
Holdings
Estado de retiro Estado de pérdida Restricciones de uso No para préstamo Código de colección Localización permanente Ubicación/localización actual Ubicación en estantería Fecha de adquisición Número de inventario Total de préstamos Signatura topográfica completa Código de barras Fecha visto por última vez Precio válido a partir de Tipo de ítem Koha Nota pública
        Patrimonio Dominicano General General Depósito 29.01.2015 LF1   336.20131724 I29c | v.1, e.3 28671-30 25.06.2020 25.06.2020 Libro y Folleto Colección Patrimonio Dominicano Perteneció a la biblioteca personal de Diego Montan.
        Patrimonio Dominicano General General Depósito 29.01.2015 LF1   336.20131724 I29c | v.1, e.4 28671-40 25.06.2020 25.06.2020 Libro y Folleto Colección Patrimonio Dominicano Perteneció a la biblioteca personal de Bárbara Suncar.
      Excluido de préstamo Patrimonio Dominicano Patrimonio Dominicano Patrimonio Dominicano Depósito 11.04.2011 LF1   336.20131724 I29c | v.1 28671-10 25.06.2020 25.06.2020 Libro y Folleto Colección Patrimonio Dominicano  
      Excluido de préstamo Patrimonio Dominicano Patrimonio Dominicano Patrimonio Dominicano Depósito 21.06.2013 LF1   336.20131724 I29c | v.1, e.2 28671-20 25.06.2020 25.06.2020 Libro y Folleto Colección Patrimonio Dominicano  
        Patrimonio Dominicano Patrimonio Dominicano Patrimonio Dominicano Depósito 10.05.2018 LF1   336.20131724 I29c | v.2 28671-50 25.06.2020 25.06.2020 Libro y Folleto Colección Patrimonio Dominicano Perteneció a la biblioteca personal de Diego Montan.
      Excluido de préstamo Patrimonio Dominicano Patrimonio Dominicano Patrimonio Dominicano Depósito 25.06.2019 LF1   336.20131724 I29c | v.2, e.2 28671-60 25.06.2020 25.06.2020 Libro y Folleto Colección Patrimonio Dominicano Perteneció a la biblioteca personal de Bárbara Suncar.
      Excluido de préstamo Patrimonio Dominicano Patrimonio Dominicano Patrimonio Dominicano Depósito 25.06.2019 LF1   336.20131724 I29c | v.3 28671-70 25.06.2020 25.06.2020 Libro y Folleto Colección Patrimonio Dominicano  
      Excluido de préstamo Patrimonio Dominicano Patrimonio Dominicano Patrimonio Dominicano Depósito 25.06.2019 LF1   336.20131724 I29c | v.3, e.2 28671-80 25.06.2020 25.06.2020 Libro y Folleto Colección Patrimonio Dominicano Perteneció a la biblioteca personal de Bárbara Suncar.

Powered by Koha